|
|
|
|
| LEADER |
00000cas a2200000 a 4500 |
| 001 |
vtls008696364 |
| 003 |
SK-MaSNL |
| 005 |
20260228155851.0 |
| 008 |
160425d20022013xo qr p 0 b0slo |
| 022 |
|
|
|a 1335-9975
|
| 040 |
|
|
|a SVKPO
|b slo
|c SVKPO
|d SAVUK
|d SNK
|e AACR2
|
| 041 |
0 |
|
|a slo
|
| 044 |
|
|
|a xo
|c SK
|
| 072 |
|
7 |
|a 614.84
|x Požiare. Ochrana pred požiarmi
|2 konspekt
|
| 080 |
|
|
|a 614.84
|2 2001
|
| 080 |
|
|
|a 614.88
|2 2001
|
| 080 |
|
|
|a 050
|2 2001
|
| 210 |
0 |
|
|a Sprav., Protipožiar. ochr. záchr. služ.
|
| 222 |
|
0 |
|a Spravodajca. Protipožiarna ochrana a záchranná služba
|
| 245 |
0 |
0 |
|a Spravodajca - Protipožiarna ochrana a záchranná služba
|
| 260 |
|
|
|a Bratislava
|b Ministerstvo vnútra Slovenskej republiky, Prezídium Hasičského a záchranného zboru
|c 2002-2013
|
| 300 |
|
|
|a 12 zv.
|c 30 cm
|
| 310 |
|
|
|a 4x ročne
|
| 362 |
0 |
|
|a Roč. 33, č. 1 (2002)-roč. 44, č. 1 (2013)
|
| 500 |
|
|
|a Registračné č.: MK SR 790/93
|
| 500 |
|
|
|a Evidenčné č.: EV 421/08
|
| 500 |
|
|
|a Rok 2009, č. 1, 2 je chybne uvedený ročník
|
| 650 |
0 |
7 |
|a požiarna ochrana
|2 SNKPH
|9 1501
|
| 650 |
0 |
7 |
|a záchranná služba
|2 SNKPH
|9 265499
|
| 655 |
|
7 |
|a špecializované časopisy
|2 SNKPH
|9 70509
|
| 780 |
0 |
0 |
|t Spravodajca požiarnej ochrany
|x 1335-0080
|w vtls008880759
|
| 785 |
0 |
0 |
|t Hasiči
|w vtls010546074
|
| 850 |
|
|
|a Štátna vedecká knižnica v Prešove
|
| 852 |
|
|
|a Štátna vedecká knižnica v Banskej Bystrici
|
| 910 |
|
|
|a savuk
|
| 910 |
|
|
|a snk
|
| 916 |
|
|
|a 2002-2013
|
| 958 |
|
|
|a OND
|
| 999 |
|
|
|c 769
|d 769
|
| 952 |
|
|
|0 0
|1 0
|4 0
|7 0
|8 0
|a SNK
|b SNK
|d 2014-04-08
|i snk2014/8920
|l 0
|o snkČSB 5884/41/2010 D1
|p 17A1087896
|r 2026-02-21 20:39:50
|t č. 1-4
|w 2026-02-21
|y PREZ
|
| 952 |
|
|
|0 0
|1 0
|4 0
|7 0
|8 0
|a SNK
|b SNK
|d 2014-04-07
|f 1
|i snk2014/8864
|l 0
|o snkČSB 5884/40/2009
|p 17A1087893
|r 2026-02-21 20:41:47
|t č. 1-4
|w 2026-02-21
|y PREZ
|
| 952 |
|
|
|0 0
|1 0
|4 0
|7 0
|8 0
|a SNK
|b SNK
|d 2014-04-07
|i snk2014/8867
|l 0
|o snkČSB 5884/40/2009 D1
|p 17A1087894
|r 2026-02-21 20:41:47
|t č. 1-4
|w 2026-02-21
|y PREZ
|
| 952 |
|
|
|0 0
|1 0
|4 0
|7 0
|8 0
|a SNK
|b SNK
|d 2014-04-07
|f 1
|i snk2014/8787
|l 0
|o snkČSB 5884/33/2002
|p 17A1087879
|r 2026-02-21 20:51:17
|t č. 1-4, neúplné
|w 2026-02-21
|y PREZ
|z chýba č. 3, 4
|
| 952 |
|
|
|0 0
|1 0
|4 0
|7 0
|8 0
|a SNK
|b SNK
|d 2014-04-07
|i snk2014/8788
|l 0
|o snkČSB 5884/33/2002 D1
|p 17A1087880
|r 2026-02-21 20:51:17
|t č. 1-4, neúplné
|w 2026-02-21
|y PREZ
|z chýba č. 3, 4
|
| 952 |
|
|
|0 0
|1 0
|4 0
|7 0
|8 0
|a SNK
|b SNK
|d 2014-04-07
|f 1
|i snk2014/8789
|l 0
|o snkČSB 5884/34/2003
|p 17A1087881
|r 2026-02-21 20:51:17
|t č. 1-4
|w 2026-02-21
|y PREZ
|
| 952 |
|
|
|0 0
|1 0
|4 0
|7 0
|8 0
|a SNK
|b SNK
|d 2014-04-07
|i snk2014/8790
|l 0
|o snkČSB 5884/34/2003 D1
|p 17A1087882
|r 2026-02-21 20:51:17
|t č. 1-4
|w 2026-02-21
|y PREZ
|
| 952 |
|
|
|0 0
|1 0
|4 0
|7 0
|8 0
|a SNK
|b SNK
|d 2014-04-07
|f 1
|i snk2014/8797
|l 0
|o snkČSB 5884/35/2004
|p 17A1087883
|r 2026-02-21 20:51:19
|t č. 1-4
|w 2026-02-21
|y PREZ
|
| 952 |
|
|
|0 0
|1 0
|4 0
|7 0
|8 0
|a SNK
|b SNK
|d 2014-04-07
|i snk2014/8798
|l 0
|o snkČSB 5884/35/2004 D1
|p 17A1087884
|r 2026-02-21 20:51:19
|t č. 1-4
|w 2026-02-21
|y PREZ
|
| 952 |
|
|
|0 0
|1 0
|4 0
|7 0
|8 0
|a SNK
|b SNK
|d 2014-04-07
|f 1
|i snk2014/8799
|l 0
|o snkČSB 5884/36/2005
|p 17A1087885
|r 2026-02-21 20:51:19
|t č. 1-4
|w 2026-02-21
|y PREZ
|
| 952 |
|
|
|0 0
|1 0
|4 0
|7 0
|8 0
|a SNK
|b SNK
|d 2014-04-07
|i snk2014/8800
|l 0
|o snkČSB 5884/36/2005 D1
|p 17A1087886
|r 2026-02-21 20:51:19
|t č. 1-4
|w 2026-02-21
|y PREZ
|
| 952 |
|
|
|0 0
|1 0
|4 0
|7 0
|8 0
|a SNK
|b SNK
|d 2014-04-07
|f 1
|i snk2014/8802
|l 0
|o snkČSB 5884/37/2006
|p 17A1087887
|r 2026-02-21 20:51:19
|t č. 1-4
|w 2026-02-21
|y PREZ
|
| 952 |
|
|
|0 0
|1 0
|4 0
|7 0
|8 0
|a SNK
|b SNK
|d 2014-04-07
|i snk2014/8804
|l 0
|o snkČSB 5884/37/2006 D1
|p 17A1087888
|r 2026-02-21 20:51:19
|t č. 1-4
|w 2026-02-21
|y PREZ
|
| 952 |
|
|
|0 0
|1 0
|4 0
|7 0
|8 0
|a SNK
|b SNK
|d 2014-04-07
|f 1
|i snk2014/8806
|l 0
|o snkČSB 5884/38/2007
|p 17A1087889
|r 2026-02-21 20:51:21
|t č. 1-4
|w 2026-02-21
|y PREZ
|
| 952 |
|
|
|0 0
|1 0
|4 0
|7 0
|8 0
|a SNK
|b SNK
|d 2014-04-07
|i snk2014/8824
|l 0
|o snkČSB 5884/38/2007 D1
|p 17A1087890
|r 2026-02-21 20:51:24
|t č. 1-4
|w 2026-02-21
|y PREZ
|
| 952 |
|
|
|0 0
|1 0
|4 0
|7 0
|8 0
|a SNK
|b SNK
|d 2014-04-07
|f 1
|i snk2014/8827
|l 0
|o snkČSB 5884/39/2008
|p 17A1087891
|r 2026-02-21 20:51:24
|t č. 1-4
|w 2026-02-21
|y PREZ
|
| 952 |
|
|
|0 0
|1 0
|4 0
|7 0
|8 0
|a SNK
|b SNK
|d 2014-04-07
|i snk2014/8830
|l 0
|o snkČSB 5884/39/2008 D1
|p 17A1087892
|r 2026-02-21 20:51:24
|t č. 1-4
|w 2026-02-21
|y PREZ
|
| 952 |
|
|
|0 0
|1 0
|4 0
|7 0
|8 0
|a SNK
|b SNK
|d 2014-04-08
|f 1
|i snk2014/8918
|l 0
|o snkČSB 5884/41/2010
|p 17A1087895
|r 2026-02-21 20:51:37
|t č. 1-4
|w 2026-02-21
|y PREZ
|
| 952 |
|
|
|0 0
|1 0
|4 0
|7 0
|8 0
|a SNK
|b SNK
|d 2014-04-08
|f 1
|i snk2014/8943
|l 0
|o snkČSB 5884/42/2011
|p 17A1087897
|r 2026-02-21 20:51:37
|t č. 1-4
|w 2026-02-21
|y PREZ
|
| 952 |
|
|
|0 0
|1 0
|4 0
|7 0
|8 0
|a SNK
|b SNK
|d 2014-04-08
|i snk2014/8950
|l 0
|o snkČSB 5884/42/2011 D1
|p 17A1087898
|r 2026-02-21 20:51:37
|t č. 1-4
|w 2026-02-21
|y PREZ
|
| 952 |
|
|
|0 0
|1 0
|4 0
|7 0
|8 0
|a SNK
|b SNK
|d 2014-04-08
|f 1
|i snk2014/8951
|l 0
|o snkČSB 5884/43/2012
|p 17A1087899
|r 2026-02-21 20:51:37
|t č. 1-4
|w 2026-02-21
|y PREZ
|
| 952 |
|
|
|0 0
|1 0
|4 0
|7 0
|8 0
|a SNK
|b SNK
|d 2014-04-08
|i snk2014/8953
|l 0
|o snkČSB 5884/43/2012 D1
|p 17A1087900
|r 2026-02-21 20:51:37
|t č. 1-4
|w 2026-02-21
|y PREZ
|
| 952 |
|
|
|0 0
|1 0
|4 0
|7 0
|8 0
|a SNK
|b SNK
|d 2014-04-08
|f 1
|i snk2014/8957
|l 0
|o snkČSB 5884/44/2013
|p 17A1087901
|r 2026-02-21 20:51:37
|t č. 1
|w 2026-02-21
|y PREZ
|
| 952 |
|
|
|0 0
|1 0
|4 0
|7 0
|8 0
|a SNK
|b SNK
|d 2014-04-08
|i snk2014/8958
|l 0
|o snkČSB 5884/44/2013 D1
|p 17A1087902
|r 2026-02-21 20:51:37
|t č. 1
|w 2026-02-21
|y PREZ
|